[Event "30.Schlosspark-Open"]
[Site "Wiesbaden-Biebrich"]
[Date "2018.08.26"]
[Round "6.30"]
[White "Bischoff, Ulrich"]
[Black "Mueller, Lutz"]
[Result "1/2-1/2"]
[WhiteElo "2057"]
[BlackElo "1989"]
[PlyCount "73"]
[EventDate "2018.??.??"]
[WhiteTeam "Sfr. Erbach"]
[BlackTeam "SC Bad KÃ¶nigshofen"]

1. d4 g6 2. c4 Bg7 3. Nc3 d6 4. Nf3 Nf6 5. g3 O-O 6. Bg2 Nc6 7. O-O e5 8. d5
Ne7 9. e4 a5 10. Qc2 Nd7 11. Ne1 f5 12. f3 Nf6 13. Nd3 b6 14. Bd2 Ba6 15. b3 c6
16. Kh1 Rc8 17. Be3 cxd5 18. cxd5 Nfxd5 19. exd5 e4 20. Nf4 Rxc3 21. Qd2 Rd3
22. Qf2 Nxd5 23. Nxd5 Rxd5 24. Rac1 Qe7 25. Rfe1 Bd3 26. Bxb6 Qe5 27. Kg1 Re8
28. Be3 Qb2 29. Rc7 Qxf2+ 30. Kxf2 Rb5 31. Rec1 d5 32. Rd7 Be5 33. Bf4 Bd4+ 34.
Be3 Be5 35. Bf4 Bd4+ 36. Be3 Be5 37. Bf4 1/2-1/2

[Event "30.Schlosspark-Open"]
[Site "Wiesbaden-Biebrich"]
[Date "2018.08.26"]
[Round "6.31"]
[White "Zachary, Bastian"]
[Black "Frey, Thomas"]
[Result "0-1"]
[WhiteElo "1860"]
[BlackElo "2051"]
[PlyCount "128"]
[EventDate "2018.??.??"]
[WhiteTeam "Mulhouse Philidor"]
[BlackTeam "SV Reutlingen"]

1. d4 Nf6 2. c4 g6 3. Nc3 Bg7 4. e4 d6 5. Bd3 e5 6. d5 O-O 7. Nge2 a5 8. O-O
Na6 9. a3 Nc5 10. Bc2 Ne8 11. Be3 f5 12. exf5 Bxf5 13. Bxc5 dxc5 14. Ng3 Nd6
15. Bd3 Qh4 16. Nxf5 gxf5 17. g3 Qh3 18. f4 e4 19. Be2 Bd4+ 20. Kh1 Rf6 21. Rg1
Bxg1 22. Qxg1 b6 23. Qf2 Kh8 24. Rg1 Rg6 25. Qe3 Rag8 26. Nb5 Nxb5 27. cxb5 Qh6
28. Bc4 Qg7 29. b3 Qd4 30. Qe2 Rd8 31. Rd1 Qc3 32. a4 Rg4 33. Qd2 Qf3+ 34. Kg1
Rdg8 35. Qb2+ R8g7 36. Rd2 Qxf4 37. Rf2 Qg5 38. Qe5 f4 39. Qxe4 fxg3 40. Rf8+
Rg8 41. Rxg8+ Qxg8 42. Qe5+ Rg7 43. hxg3 Qd8 44. Kg2 Qd6 45. Qc3 Kg8 46. Qe3
Kf8 47. Qf3+ Rf7 48. Qg4 Ke8 49. Qg8+ Qf8 50. Qg4 Kd8 51. Qe2 Qd6 52. Qg4 Qg6
53. Qe2 Re7 54. Qf2 Kc8 55. Qf8+ Re8 56. Qf3 Kb8 57. Bd3 Qg7 58. d6 Rd8 59.
dxc7+ Qxc7 60. Be4 Rd2+ 61. Kg1 Ka7 62. Bc6 Qg7 63. Qf8 Qxg3+ 64. Bg2 Qxg2# 0-1

[Event "30.Schlosspark-Open"]
[Site "Wiesbaden-Biebrich"]
[Date "2018.08.26"]
[Round "6.32"]
[White "Seickel, Ralf"]
[Black "Scharping, Hans-Martin"]
[Result "1-0"]
[WhiteElo "2050"]
[BlackElo "1984"]
[PlyCount "55"]
[EventDate "2018.??.??"]
[WhiteTeam "vereinslos"]
[BlackTeam "SC Pforzheim"]

1. c4 c6 2. g3 d5 3. Nf3 Nf6 4. Bg2 Bg4 5. Ne5 Bf5 6. d4 e6 7. O-O Nbd7 8. Nc3
Be7 9. h3 Nxe5 10. dxe5 Nd7 11. f4 h5 12. e4 Qb6+ 13. Kh2 dxe4 14. Nxe4 Bxe4
15. Bxe4 O-O-O 16. Qe2 g6 17. a3 Nc5 18. Be3 Qa6 19. Bc2 Nd7 20. b4 c5 21. b5
Qa5 22. Bd2 Qc7 23. Bc3 Nb8 24. a4 b6 25. a5 Rd7 26. axb6 axb6 27. Ra8 Bd8 28.
Be4 1-0

[Event "30.Schlosspark-Open"]
[Site "Wiesbaden-Biebrich"]
[Date "2018.08.26"]
[Round "6.33"]
[White "Moes, Waldemar"]
[Black "Tremoehlen, Thomas"]
[Result "1-0"]
[WhiteElo "2015"]
[BlackElo "1981"]
[PlyCount "105"]
[EventDate "2018.??.??"]
[WhiteTeam "Zukertort Amsterdam"]
[BlackTeam "SG Kaarst"]

1. d4 Nf6 2. Bf4 e6 3. e3 c5 4. c3 d5 5. Nd2 Nc6 6. Ngf3 cxd4 7. exd4 Bd6 8.
Bg3 Qc7 9. Bd3 O-O 10. Bxd6 Qxd6 11. O-O e5 12. dxe5 Nxe5 13. Nxe5 Qxe5 14. Nf3
Qf4 15. Qc1 Qxc1 16. Raxc1 Re8 17. Nd4 Bd7 18. Rfe1 a6 19. Bc2 g6 20. f3 Kf8
21. Kf2 Re7 22. Bb3 Rae8 23. Rxe7 Kxe7 24. Rd1 b5 25. Nc2 Bc8 26. Bxd5 Nxd5 27.
Rxd5 Be6 28. Re5 Kf6 29. Re3 Rd8 30. a3 Bc4 31. Nd4 Rd6 32. Re8 h5 33. h4 Bd5
34. Ke3 Bc4 35. Kf4 Bd3 36. Rc8 Kg7 37. Rc6 Rd5 38. b4 Bf1 39. g3 Bc4 40. Rxa6
Bf1 41. Ra5 f6 42. a4 g5+ 43. hxg5 fxg5+ 44. Ke4 Rd7 45. axb5 Re7+ 46. Kf5 h4
47. gxh4 gxh4 48. Kg4 h3 49. b6 Kf6 50. Rf5+ Kg6 51. Rg5+ Kf6 52. Rh5 Rg7+ 53.
Kf4 1-0

[Event "30.Schlosspark-Open"]
[Site "Wiesbaden-Biebrich"]
[Date "2018.08.26"]
[Round "6.34"]
[White "Iliev, Mustafa Batuhan"]
[Black "Gentner, Markus"]
[Result "1-0"]
[WhiteElo "2012"]
[BlackElo "1953"]
[PlyCount "93"]
[EventDate "2018.??.??"]
[WhiteTeam "SV GroÃŸauheim"]
[BlackTeam "SC Murrhardt"]

1. e4 c5 2. Nf3 Nc6 3. d4 cxd4 4. Nxd4 Qb6 5. Nb3 Nf6 6. Nc3 e6 7. Be3 Qc7 8.
Bd3 a6 9. f4 d6 10. a4 b6 11. O-O Bb7 12. Qe2 Be7 13. Rae1 Nd7 14. f5 Nde5 15.
fxe6 fxe6 16. Qh5+ Kd8 17. Qh3 Bc8 18. Nd4 Nxd4 19. Bxd4 Bf6 20. Kh1 Bd7 21.
Be2 Ke7 22. Qe3 Rhb8 23. Qh3 Rh8 24. Qe3 Rhb8 25. Qg3 Rg8 26. Bd3 Nxd3 27. Qxd3
Bxd4 28. Qxd4 Qc5 29. Qd3 b5 30. e5 d5 31. Qxh7 Qd4 32. Qg6 Be8 33. Qg5+ Kd7
34. Rd1 Qc4 35. Rf4 Qc5 36. Rfd4 Kc7 37. Qe3 Bc6 38. b4 Qe7 39. a5 Rgf8 40. Rg4
Rab8 41. Ne2 Be8 42. Nf4 Rf7 43. Qa7+ Rb7 44. Qxa6 Bd7 45. Ng6 Qd8 46. Qd6+ Kc8
47. Rh4 1-0

[Event "30.Schlosspark-Open"]
[Site "Wiesbaden-Biebrich"]
[Date "2018.08.26"]
[Round "6.35"]
[White "Hoffmann, Christian"]
[Black "Chernykh, Arkady"]
[Result "0-1"]
[WhiteElo "1859"]
[BlackElo "1928"]
[PlyCount "72"]
[EventDate "2018.??.??"]
[WhiteTeam "BKA Wiesbaden"]
[BlackTeam "Karlsruher SF"]

1. e4 c5 2. Nc3 Nc6 3. g3 b6 4. Bg2 Bb7 5. d3 g6 6. Be3 Bg7 7. Qd2 e6 8. f4
Nge7 9. Nf3 d5 10. exd5 exd5 11. Bf2 O-O 12. O-O d4 13. Ne4 h6 14. g4 f5 15.
gxf5 Nxf5 16. c3 dxc3 17. bxc3 Qc7 18. Rae1 Rad8 19. Nh4 Nce7 20. Qd1 Kh7 21.
Qc2 Rd7 22. a4 Nxh4 23. Bxh4 Nf5 24. Bg3 Rfd8 25. Rf3 Re7 26. Qf2 c4 27. Bh4
Nxh4 28. Qxh4 cxd3 29. Rfe3 Bxe4 30. Bxe4 d2 31. Rd1 Rde8 32. f5 g5 33. Qg4 Qf4
34. f6+ Rxe4 35. Rxe4 Qxg4+ 36. Rxg4 Re1+ 0-1

[Event "30.Schlosspark-Open"]
[Site "Wiesbaden-Biebrich"]
[Date "2018.08.26"]
[Round "6.36"]
[White "Berberich, Christoph"]
[Black "Davidov, Georgi"]
[Result "1-0"]
[WhiteElo "2002"]
[BlackElo "1945"]
[PlyCount "65"]
[EventDate "2018.??.??"]
[WhiteTeam "SGEM Dreisamtal"]
[BlackTeam "SC Rotenburg"]

1. d4 Nf6 2. Nf3 e6 3. c4 d5 4. Bg5 Be7 5. Nc3 O-O 6. e3 b6 7. Rc1 Bb7 8. Bxf6
Bxf6 9. Bd3 c5 10. O-O Nc6 11. cxd5 exd5 12. dxc5 bxc5 13. Nxd5 Nb4 14. Nxf6+
Qxf6 15. Bc4 Qxb2 16. Rb1 Qc3 17. Qc1 Qxc1 18. Rfxc1 Bxf3 19. gxf3 Rfd8 20. Rc3
Kf8 21. e4 Rac8 22. a3 Nc6 23. Rb7 Ne5 24. Bd5 a6 25. f4 Nd7 26. Ra7 Nf6 27.
Rxf7+ Ke8 28. Rxg7 Nxd5 29. exd5 Rxd5 30. Rxh7 Rf5 31. Rh8+ Rf8 32. Rh5 c4 33.
Re5+ 1-0

[Event "30.Schlosspark-Open"]
[Site "Wiesbaden-Biebrich"]
[Date "2018.08.26"]
[Round "6.37"]
[White "Koellner, Aaron Noah"]
[Black "Bakiev, Diyor"]
[Result "1/2-1/2"]
[WhiteElo "2001"]
[BlackElo "1899"]
[PlyCount "104"]
[EventDate "2018.??.??"]
[WhiteTeam "SV Bergneustadt/Derschlag"]
[BlackTeam "SV Ffm-Griesheim"]

1. d4 Nf6 2. Bg5 e6 3. Nd2 d5 4. e3 Be7 5. Bd3 Nbd7 6. f4 c5 7. c3 b6 8. Nh3
Bb7 9. Nf2 O-O 10. g4 h6 11. Bxf6 Nxf6 12. h4 Ne4 13. g5 cxd4 14. cxd4 Bb4 15.
gxh6 gxh6 16. Qh5 Qf6 17. a3 Be7 18. O-O-O Rac8+ 19. Kb1 Kh7 20. Rdg1 Qf5 21.
Qd1 b5 22. Rh2 Rg8 23. Ng4 h5 24. Nf2 Rxg1 25. Qxg1 Rg8 26. Qd1 b4 27. axb4
Bxb4 28. Nh3 f6 29. Nf1 Ba6 30. Ng5+ fxg5 31. Qxh5+ Kg7 32. Ng3 Bxd3+ 33. Kc1
Qg6 34. hxg5 Qxh5 35. Nxh5+ Kf7 36. Nf6 Rg7 37. Rh6 Be7 38. Nd7 Bb5 39. Ne5+
Kg8 40. Rxe6 Bb4 41. Rh6 Rc7+ 42. Kb1 Bd3+ 43. Ka2 Bd2 44. Rh3 Bc1 45. f5 Rc2
46. f6 Rxb2+ 47. Ka1 Rb1+ 48. Ka2 Rb2+ 49. Ka1 Rb1+ 50. Ka2 Rb2+ 51. Ka1 Rb1+
52. Ka2 Rb2+ 1/2-1/2

[Event "30.Schlosspark-Open"]
[Site "Wiesbaden-Biebrich"]
[Date "2018.08.26"]
[Round "6.38"]
[White "Pauly, Markus"]
[Black "Gerst, Michael"]
[Result "1/2-1/2"]
[WhiteElo "1805"]
[BlackElo "2009"]
[PlyCount "127"]
[EventDate "2018.??.??"]
[WhiteTeam "Sfr. Erbach"]
[BlackTeam "Oberhausener SV"]

1. c4 c5 2. g3 Nf6 3. Bg2 d5 4. Nf3 Nc6 5. O-O d4 6. e3 Nd7 7. exd4 cxd4 8. b4
Nxb4 9. Nxd4 e5 10. Nf3 Nc6 11. d4 Be7 12. d5 Ncb8 13. Bb2 f6 14. Nc3 Na6 15.
d6 Bf8 16. Nb5 g6 17. Re1 Bg7 18. Qd5 Nb6 19. Nxe5 fxe5 20. Rxe5+ Kf8 21. Qf3+
Bf5 22. Rxf5+ gxf5 23. Qxf5+ Kg8 24. Qe6+ Kf8 25. Bxg7+ Kxg7 26. Bxb7 Re8 27.
Qg4+ Kh8 28. Bxa6 Qf6 29. Qd4 Qxd4 30. Nxd4 Re4 31. Rd1 Rd8 32. c5 Nd7 33. c6
Nb6 34. Nb3 Re6 35. c7 Rdxd6 36. Rxd6 Rxd6 37. c8=Q+ Nxc8 38. Bxc8 Rc6 39. Bf5
Ra6 40. Nc1 Ra5 41. g4 Rc5 42. Nd3 Rc2 43. Be6 Rd2 44. Nf4 Rd4 45. Nd5 Re4 46.
Bf5 Ra4 47. Nf6 h6 48. Kg2 Rxa2 49. Kg3 a5 50. f4 a4 51. Be6 Rd2 52. f5 a3 53.
Ne4 a2 54. Bxa2 Rxa2 55. h4 Ra3+ 56. Kf4 Rh3 57. h5 Ra3 58. f6 Ra5 59. Nd6 Kg8
60. f7+ Kf8 61. Ke4 Rg5 62. Kf4 Ra5 63. Ke4 Rg5 64. Kf4 1/2-1/2

[Event "30.Schlosspark-Open"]
[Site "Wiesbaden-Biebrich"]
[Date "2018.08.26"]
[Round "6.39"]
[White "Ebert, Wolfgang"]
[Black "Kobs, Stephan"]
[Result "1/2-1/2"]
[WhiteElo "2180"]
[BlackElo "1926"]
[PlyCount "54"]
[EventDate "2018.??.??"]
[WhiteTeam "Schachforum Darmstadt"]
[BlackTeam "SV Esens"]

1. e4 c5 2. Nf3 d6 3. d4 cxd4 4. Nxd4 Nf6 5. Nc3 a6 6. Bc4 e6 7. Bb3 Nbd7 8. f4
Nc5 9. f5 Be7 10. O-O e5 11. Nde2 Nxb3 12. axb3 b5 13. Bg5 Bb7 14. Bxf6 Bxf6
15. Ng3 O-O 16. b4 Rc8 17. Rf3 Rc4 18. Rd3 Rd4 19. Nh5 g6 20. Nxf6+ Qxf6 21.
Qg4 Rxd3 22. cxd3 d5 23. Rf1 dxe4 24. Nxe4 Bxe4 25. Qxe4 Rc8 26. fxg6 Qxg6 27.
Qxe5 Qxd3 1/2-1/2

[Event "30.Schlosspark-Open"]
[Site "Wiesbaden-Biebrich"]
[Date "2018.08.26"]
[Round "6.40"]
[White "Belz, Frank-Martin"]
[Black "Schmidt, Volker"]
[Result "1-0"]
[WhiteElo "2041"]
[BlackElo "1905"]
[PlyCount "93"]
[EventDate "2018.??.??"]
[WhiteTeam "SK Freising"]
[BlackTeam "TuS Dotzheim"]

1. d4 Nf6 2. Nf3 g6 3. c4 Bg7 4. Nc3 d5 5. e3 O-O 6. Qb3 c6 7. Be2 e6 8. O-O
Nbd7 9. Rd1 Qe7 10. Bd2 b6 11. cxd5 exd5 12. Rac1 Bb7 13. a4 Rfc8 14. a5 b5 15.
Na2 a6 16. Bb4 Qe6 17. Rc2 Ne4 18. Qa3 Ndf6 19. Nc1 Ng4 20. Be1 Bf8 21. Qa2 Bh6
22. h3 Ngf6 23. Nd3 Nd7 24. Qa3 Qf5 25. Rdc1 Bg7 26. Bb4 Qe6 27. Bf1 h6 28. Nd2
f5 29. Nb3 Kh7 30. Nbc5 Ndxc5 31. Nxc5 Nxc5 32. Bxc5 Re8 33. Qd3 Bc8 34. Bb6
Bd7 35. Bc7 Rac8 36. Bg3 Kh8 37. Re1 Kh7 38. Rec1 Kh8 39. Qa3 Kh7 40. Qc5 Ra8
41. Qb6 Qf7 42. Qb7 Kg8 43. Be2 Bf8 44. Bf3 Rec8 45. Be5 Be8 46. Qxf7+ Kxf7 47.
Bxd5+ 1-0

[Event "30.Schlosspark-Open"]
[Site "Wiesbaden-Biebrich"]
[Date "2018.08.26"]
[Round "6.41"]
[White "Eg, Karlheinz"]
[Black "Cichy, Michael"]
[Result "0-1"]
[WhiteElo "1863"]
[BlackElo "2036"]
[PlyCount "106"]
[EventDate "2018.??.??"]
[WhiteTeam "SV RÃ¼sselsheim"]
[BlackTeam "SC BS Gliesmarode"]

1. e4 c5 2. Nf3 e6 3. d4 cxd4 4. Nxd4 Nc6 5. c4 Nf6 6. Nc3 Bb4 7. Nxc6 bxc6 8.
e5 Ne4 9. Qg4 Nxc3 10. a3 Bf8 11. bxc3 Qa5 12. Qg3 Rb8 13. Be2 g6 14. O-O Bg7
15. f4 Rb3 16. Rf3 Ba6 17. Bd1 Rb7 18. a4 Bxc4 19. Ba3 c5 20. Qf2 Rc7 21. Be2
Bxe2 22. Qxe2 Qxa4 23. Bb2 Qc6 24. Ra5 O-O 25. Ba3 Qd5 26. Rd3 Qc4 27. Qd1 Rb8
28. Ra4 Qb5 29. Rd2 Qb1 30. Bc1 Bf8 31. Raa2 Qe4 32. Ra4 c4 33. Re2 Qc6 34.
Rea2 Rb1 35. Qc2 Rcb7 36. Kf2 Bc5+ 37. Kg3 Qb5 38. Ra5 Qb6 39. Rxa7 Rxa7 40.
Rxa7 Qxa7 41. Qxb1 d5 42. exd6 Bxd6 43. Qe4 Qc7 44. Kf3 Kf8 45. Qa8+ Ke7 46.
Ba3 Bxa3 47. Qxa3+ Kf6 48. g4 Qc6+ 49. Ke3 Qd5 50. Qb4 Qd3+ 51. Kf2 Qe4 52. g5+
Kf5 53. Qc5+ Kxf4 0-1

[Event "30.Schlosspark-Open"]
[Site "Wiesbaden-Biebrich"]
[Date "2018.08.26"]
[Round "6.42"]
[White "Doeserich, Juergen"]
[Black "Bolduan, Michael"]
[Result "1/2-1/2"]
[WhiteElo "2033"]
[BlackElo "1827"]
[PlyCount "99"]
[EventDate "2018.??.??"]
[WhiteTeam "Schw. Pumpe Freiburg"]
[BlackTeam "SC Taunusstein"]

1. d4 e6 2. c4 f5 3. Nc3 Nf6 4. g3 d5 5. Bg2 c6 6. Nf3 Bd6 7. O-O O-O 8. Qc2
Ne4 9. b3 Nd7 10. Bb2 Qe7 11. e3 b6 12. cxd5 exd5 13. Ne2 Bb7 14. Rfd1 Rac8 15.
Rac1 Ndf6 16. Nf4 Ng4 17. Nd3 Ba6 18. Nfe5 Bxe5 19. Nxe5 Nexf2 20. Re1 Nxe5 21.
dxe5 Nd3 22. Red1 Nxc1 23. Qxc1 Qe6 24. Rd4 Rfd8 25. Ra4 Bb5 26. Rxa7 c5 27.
Qd1 c4 28. Bd4 c3 29. Qc2 Rd7 30. Rxd7 Bxd7 31. a4 b5 32. axb5 Bxb5 33. h3 g6
34. Kh2 Kf7 35. h4 Qc6 36. h5 Ke6 37. g4 Qa6 38. gxf5+ gxf5 39. e4 dxe4 40.
Bxc3 Qc6 41. Qd2 Bd3 42. Bb2 Rg8 43. Qh6+ Kd5 44. Qxh7 Rxg2+ 45. Kxg2 Qc2+ 46.
Kg3 Qxb2 47. Qd7+ Kc5 48. Qd6+ Kb5 49. Qb8+ Kc5 {Rest nicht nachvollziehbar!
Â½-Â½ (54)} 50. Qd6+ 1/2-1/2

[Event "30.Schlosspark-Open"]
[Site "Wiesbaden-Biebrich"]
[Date "2018.08.26"]
[Round "6.43"]
[White "Martin, Reiner"]
[Black "Hipler, Andreas"]
[Result "1-0"]
[WhiteElo "2006"]
[BlackElo "1852"]
[PlyCount "73"]
[EventDate "2018.??.??"]
[WhiteTeam "SC Bad Soden"]
[BlackTeam "SK Gau-Algesheim"]

1. Nf3 d5 2. c4 c6 3. e3 Bg4 4. Qb3 Qc7 5. Nc3 e6 6. Be2 Nd7 7. d4 Ngf6 8. O-O
Bd6 9. h3 Bh5 10. Re1 O-O 11. Qd1 Bb4 12. Bd2 Rad8 13. Rc1 Rfe8 14. Qa4 Bxc3
15. Bxc3 dxc4 16. Qxc4 Nd5 17. b4 Nxc3 18. Qxc3 Qd6 19. Red1 Nf6 20. Rb1 Ne4
21. Qc2 Nf6 22. Qb3 Bg6 23. Rb2 h6 24. Ne5 Bh7 25. Rc1 Nd5 26. a3 f6 27. Nc4
Qd7 28. Bf3 Rc8 29. Nd2 Bg6 30. Ne4 Bf7 31. Nc5 Qc7 32. Qc2 e5 33. dxe5 Rxe5
34. Nd3 Re7 35. Qc5 Qb6 36. Bxd5 Qxc5 37. Bxf7+ 1-0

[Event "30.Schlosspark-Open"]
[Site "Wiesbaden-Biebrich"]
[Date "2018.08.26"]
[Round "6.44"]
[White "Werner, Dimo"]
[Black "Schoeber, Sebastian"]
[Result "1/2-1/2"]
[WhiteElo "2003"]
[BlackElo "1846"]
[PlyCount "41"]
[EventDate "2018.??.??"]
[WhiteTeam "TSV Schott Mainz"]
[BlackTeam "Wiesbadener SV"]

1. d4 d5 2. Nf3 Nf6 3. c4 c6 4. cxd5 cxd5 5. Nc3 Nc6 6. Bf4 a6 7. e3 Bf5 8. Be2
Qb6 9. a3 Rc8 10. O-O e6 11. Na4 Qa7 12. Rc1 Be7 13. Ne5 O-O 14. g4 Bg6 15. g5
Ne4 16. Nd7 Rfe8 17. Ndb6 Rcd8 18. Bc7 Bxg5 19. Nc5 e5 20. Bxd8 Rxd8 21. Nxe4
1/2-1/2

[Event "30.Schlosspark-Open"]
[Site "Wiesbaden-Biebrich"]
[Date "2018.08.26"]
[Round "6.46"]
[White "Reinisch, Markus"]
[Black "Kuerschner, Matthias"]
[Result "0-1"]
[WhiteElo "1829"]
[BlackElo "1995"]
[PlyCount "58"]
[EventDate "2018.??.??"]
[WhiteTeam "Wiesbadener SV"]
[BlackTeam "SK Langen"]

1. d4 Nf6 2. c4 d6 3. Nc3 Nbd7 4. e4 e5 5. Be3 g6 6. f3 Bg7 7. Nge2 c6 8. Qd2
O-O 9. h4 Re8 10. g4 exd4 11. Nxd4 Ne5 12. Be2 d5 13. cxd5 cxd5 14. g5 Nh5 15.
Nxd5 Ng3 16. Rg1 Nxe2 17. Qxe2 Be6 18. Nxe6 fxe6 19. Nf6+ Bxf6 20. gxf6 Qxf6
21. Rf1 Qxh4+ 22. Bf2 Qf4 23. Be3 Qg3+ 24. Rf2 Qg1+ 25. Rf1 Qg3+ 26. Rf2 Rad8
27. Rd1 Rf8 28. Kf1 Nxf3 29. Rxd8 Qg1# 0-1

[Event "30.Schlosspark-Open"]
[Site "Wiesbaden-Biebrich"]
[Date "2018.08.26"]
[Round "6.47"]
[White "Junker, Christian"]
[Black "Adam, Wilfried"]
[Result "1-0"]
[WhiteElo "1986"]
[BlackElo "1802"]
[PlyCount "97"]
[EventDate "2018.??.??"]
[WhiteTeam "SV Neu-Isenburg"]
[BlackTeam "SC Bad Wimpfen"]

1. Nf3 d6 2. g3 g6 3. d3 Bg7 4. Bg2 e5 5. e4 Ne7 6. O-O O-O 7. c3 h6 8. b4 c6
9. Nbd2 Be6 10. Bb2 a5 11. a4 Nd7 12. Ba3 c5 13. b5 Nb6 14. Re1 Qd7 15. h4 f5
16. d4 exd4 17. exf5 Nxf5 18. g4 dxc3 19. gxf5 Bxf5 20. Qb3+ Qf7 21. Qxf7+ Rxf7
22. Ne4 Nc4 23. Bc1 Bxe4 24. Rxe4 d5 25. Rg4 Kh7 26. Ne1 Rd8 27. Nd3 Bd4 28.
Ra2 Re7 29. Rc2 Nb6 30. Nf4 Re1+ 31. Bf1 Rd6 32. Kg2 Nxa4 33. Bd3 Re4 34. Bxe4
dxe4 35. Re2 Nb2 36. Rxe4 Rd7 37. Nxg6 Rg7 38. h5 Nd3 39. Re8 Rf7 40. Nf8+ Kh8
41. Ne6+ Kh7 42. Nxd4 cxd4 43. Rxd4 Nxc1 44. Rc4 Nd3 45. Rxc3 Nf4+ 46. Kg1 b6
47. Rc6 Nd5 48. Rd8 Rf5 49. Rd7+ 1-0

[Event "30.Schlosspark-Open"]
[Site "Wiesbaden-Biebrich"]
[Date "2018.08.26"]
[Round "6.48"]
[White "Koerbel, Ekkehard"]
[Black "Triantafillidis, Simeon"]
[Result "0-1"]
[WhiteElo "1810"]
[BlackElo "1972"]
[PlyCount "72"]
[EventDate "2018.??.??"]
[WhiteTeam "SK Geisenheim"]
[BlackTeam "SF HN-Biberach"]

1. e4 e5 2. Nf3 Nc6 3. Bc4 Nf6 4. d3 Be7 5. O-O O-O 6. Bb3 d5 7. Nbd2 Bg4 8. h3
Bh5 9. c3 Qd7 10. Re1 dxe4 11. dxe4 Rad8 12. Bc2 h6 13. Qe2 Nh7 14. Qb5 Bg5 15.
Nxg5 Nxg5 16. Kh2 Bg6 17. Nf1 Ne6 18. Be3 Nf4 19. Ng3 h5 20. Rad1 Qe6 21. Bxf4
exf4 22. Nxh5 f3 23. g3 Rxd1 24. Rxd1 a6 25. Qg5 Qxa2 26. e5 Qxb2 27. Rd2 Qxc3
28. Bxg6 fxg6 29. Qxg6 Qxe5 30. Rd7 Ne7 31. Qg4 Qb2 32. Qc4+ Kh8 33. Qc5 Rf5
34. Qe3 Re5 35. Rd8+ Kh7 36. Qxf3 Rf5 0-1

[Event "30.Schlosspark-Open"]
[Site "Wiesbaden-Biebrich"]
[Date "2018.08.26"]
[Round "6.49"]
[White "Wunschik, Joachim"]
[Black "Wolff, Michael"]
[Result "1/2-1/2"]
[WhiteElo "1793"]
[BlackElo "1962"]
[PlyCount "97"]
[EventDate "2018.??.??"]
[WhiteTeam "SV RÃ¼sselsheim"]
[BlackTeam "Ford SF KÃ¶ln"]

1. Nf3 c5 2. c4 Nc6 3. Nc3 Nf6 4. e4 d6 5. h3 e5 6. d3 h6 7. Be2 Be7 8. Bd2 Be6
9. Nd5 O-O 10. O-O Nh7 11. Ne1 Bg5 12. f4 exf4 13. Nxf4 Nd4 14. Nf3 Bf6 15. Bc3
Nxe2+ 16. Qxe2 Bxc3 17. bxc3 g5 18. Nxe6 fxe6 19. Nh2 Kg7 20. Rab1 b6 21. Ng4
Qd7 22. d4 Rxf1+ 23. Rxf1 Rf8 24. Rxf8 Nxf8 25. Qf3 Qe7 26. g3 h5 27. Ne3 Qf7
28. Qxf7+ Kxf7 29. Kf2 Ng6 30. Ng2 Ne7 31. h4 gxh4 32. gxh4 Ng6 33. Ke3 e5 34.
d5 Ke7 35. Kf3 Kd7 36. Kg3 Ke8 37. Kf3 Kf7 38. Kg3 Kg7 39. Kf3 Kg8 40. Kg3 Ne7
41. Ne3 Kf7 42. Kf3 Ke8 43. Kg3 Kd7 44. Kf3 a6 45. a4 a5 46. Kg3 Ng6 47. Ng2
Ke8 48. Kf3 Kf7 49. Kg3 1/2-1/2

[Event "30.Schlosspark-Open"]
[Site "Wiesbaden-Biebrich"]
[Date "2018.08.26"]
[Round "6.50"]
[White "Steimbach, Isabel"]
[Black "Heinrich, Leon"]
[Result "0-1"]
[WhiteElo "1957"]
[BlackElo "1638"]
[PlyCount "152"]
[EventDate "2018.??.??"]
[WhiteTeam "OSG Baden-Baden"]
[BlackTeam "SW NÃ¼rnberg SÃ¼d"]

1. e4 c5 2. Nf3 d6 3. d4 cxd4 4. Nxd4 Nf6 5. Nc3 Nc6 6. Bc4 e6 7. O-O Be7 8.
Kh1 O-O 9. Bb3 d5 10. exd5 exd5 11. Bf4 a6 12. Nce2 h6 13. c3 Bc5 14. Bc2 Bg4
15. f3 Bd7 16. Qd2 Nh7 17. Rae1 Be7 18. Qd3 Nf6 19. g4 Re8 20. Rg1 Bf8 21. g5
hxg5 22. Bxg5 g6 23. f4 Nxd4 24. Nxd4 Rxe1 25. Rxe1 Bg7 26. Qg3 Kf8 27. Qh4 Qb6
28. Bh6 Re8 29. Rg1 Bxh6 30. Qxh6+ Ke7 31. Qg5 Kd8 32. Bb3 Qd6 33. Rf1 Rh8 34.
Kg1 Rh5 35. Qg3 Ne4 36. Qe3 Bh3 37. Re1 Qd7 38. Ne2 Bf5 39. Ng3 Nxg3 40. Qxg3
Be4 41. Bd1 Rh3 42. Qg5+ Qe7 43. Qxe7+ Kxe7 44. Bg4 Rh8 45. c4 Kd6 46. cxd5
Bxd5 47. Rd1 Kc6 48. Rc1+ Kb6 49. a3 Bc6 50. Re1 Rh4 51. Bc8 Rxf4 52. Re7 f6
53. Re6 g5 54. Bd7 Kc7 55. Bxc6 bxc6 56. Kg2 Kb6 57. Kg3 Kb5 58. b3 a5 59. Re8
a4 60. Rb8+ Kc5 61. bxa4 Rxa4 62. Rf8 Rxa3+ 63. Kg4 Ra4+ 64. Kg3 Rf4 65. h4
Rxh4 66. Rxf6 Rd4 67. Rf5+ Rd5 68. Rf6 Kb5 69. Kf3 c5 70. Ke4 Kc4 71. Rg6 Rd4+
72. Ke3 g4 73. Rg5 Kb4 74. Rg8 Kc4 75. Rg5 Rd3+ 76. Ke2 g3 0-1

[Event "30.Schlosspark-Open"]
[Site "Wiesbaden-Biebrich"]
[Date "2018.08.26"]
[Round "6.51"]
[White "Kumar, Amod"]
[Black "Rump, Andreas"]
[Result "0-1"]
[WhiteElo "1745"]
[BlackElo "1936"]
[PlyCount "100"]
[EventDate "2018.??.??"]
[WhiteTeam "SSV Rotation Berlin"]
[BlackTeam "SG Idstein"]

1. e4 g6 2. d4 Bg7 3. Nf3 d6 4. h3 Nf6 5. Nc3 O-O 6. Bc4 c6 7. a4 Nbd7 8. a5
Qc7 9. O-O e5 10. d5 a6 11. Be3 c5 12. Nd2 Nh5 13. g4 Nf4 14. Bxf4 exf4 15. Nf3
Ne5 16. Nxe5 Bxe5 17. f3 b5 18. axb6 Qxb6 19. Na4 Qb4 20. Qd3 Bd7 21. c3 Qb7
22. Rfb1 Bb5 23. b4 Bxc4 24. Qxc4 cxb4 25. Rxb4 Qe7 26. Qf1 Rac8 27. Rc1 a5 28.
Rb2 Rc7 29. Rbc2 Rfc8 30. Nb6 Rb8 31. Nc4 a4 32. Nxe5 Qxe5 33. Qa6 Rb3 34. Qxa4
Rbxc3 35. Rxc3 Rxc3 36. Rxc3 Qxc3 37. Qe8+ Kg7 38. Qe7 Qe1+ 39. Kg2 Qg3+ 40.
Kf1 Qxf3+ 41. Ke1 Qg3+ 42. Kd1 f3 43. g5 Qf4 44. Ke1 h6 45. gxh6+ Qxh6 46. Kf2
Qxh3 47. Qxd6 Qg2+ 48. Ke3 f2 49. Qe5+ Kh7 50. Qf4 f1=Q 0-1

[Event "30.Schlosspark-Open"]
[Site "Wiesbaden-Biebrich"]
[Date "2018.08.26"]
[Round "6.52"]
[White "Jakesevic, Ivan"]
[Black "Menning, Uwe"]
[Result "1-0"]
[WhiteElo "1623"]
[BlackElo "2047"]
[PlyCount "109"]
[EventDate "2018.??.??"]
[WhiteTeam "FC Bierstadt"]
[BlackTeam "FC Bierstadt"]

1. Nf3 d5 2. d4 Nf6 3. Bf4 c6 4. e3 Bg4 5. Nbd2 Nbd7 6. Bd3 e6 7. h3 Bh5 8. O-O
Be7 9. c4 O-O 10. Qb3 Qb6 11. Qxb6 axb6 12. a3 dxc4 13. Nxc4 b5 14. Nce5 Nb6
15. g4 Bg6 16. Bxg6 hxg6 17. Nd3 Nfd5 18. Bg3 Nc4 19. Rfc1 Ra6 20. Rc2 Rfa8 21.
Rac1 Ncb6 22. Nc5 Bxc5 23. dxc5 Nd7 24. Bd6 N7f6 25. Ne5 b4 26. Nc4 Ne4 27. Kg2
Nxd6 28. Nxd6 bxa3 29. bxa3 Rxa3 30. Rb2 Ra2 31. Rcb1 R8a5 32. Nxb7 Rxb2 33.
Rxb2 Rb5 34. Rxb5 cxb5 35. Kf3 Kf8 36. Ke4 Ke7 37. Nd6 b4 38. Kd3 f5 39. Kc4
Kd7 40. Nb5 Nf6 41. gxf5 gxf5 42. Kxb4 Ne4 43. f4 Nf2 44. Nd4 Nd1 45. Nc2 Kc6
46. Kc4 Nb2+ 47. Kd4 Na4 48. Nb4+ Kb5 49. c6 Kxb4 50. c7 Nb6 51. Ke5 Kc5 52.
Kxe6 Kc6 53. Kxf5 Kxc7 54. e4 Kd7 55. Kg6 1-0

[Event "30.Schlosspark-Open"]
[Site "Wiesbaden-Biebrich"]
[Date "2018.08.26"]
[Round "6.53"]
[White "Kiefer, Daniel"]
[Black "Zeyen, Helmut"]
[Result "1-0"]
[WhiteElo "2197"]
[BlackElo "1785"]
[PlyCount "31"]
[EventDate "2018.??.??"]
[WhiteTeam "SF Mainz"]
[BlackTeam "Wiesbadener SV"]

1. e4 d5 2. exd5 Qxd5 3. Nf3 Nf6 4. d4 c6 5. Be2 Bf5 6. O-O e6 7. c4 Qd8 8. Nc3
Be7 9. Nh4 Bg6 10. Nxg6 hxg6 11. Be3 Qc7 12. g3 Nh5 13. Re1 Bd6 14. Bf3 Nd7 15.
d5 Ne5 16. c5 1-0

[Event "30.Schlosspark-Open"]
[Site "Wiesbaden-Biebrich"]
[Date "2018.08.26"]
[Round "6.54"]
[White "Hertle, Philipp"]
[Black "Fischer, Daniel"]
[Result "0-1"]
[WhiteElo "1784"]
[BlackElo "2037"]
[PlyCount "64"]
[EventDate "2018.??.??"]
[WhiteTeam "SK Radolfzell"]
[BlackTeam "SVG Offenburg"]

1. e4 c5 2. c3 g6 3. d4 cxd4 4. cxd4 d5 5. e5 Bg7 6. Nc3 Nc6 7. f4 Nh6 8. Nf3
Bg4 9. Be2 Nf5 10. Qb3 Bxf3 11. Bxf3 Ncxd4 12. Qa4+ b5 13. Nxb5 Nxf3+ 14. gxf3
O-O 15. Nd4 Nxd4 16. Qxd4 e6 17. h4 f6 18. h5 fxe5 19. fxe5 Rf5 20. f4 Rxh5 21.
Rxh5 gxh5 22. Qf2 d4 23. b3 Qa5+ 24. Kf1 Qd5 25. Bb2 d3 26. Qg2 Qxg2+ 27. Kxg2
Rc8 28. Rc1 Rc2+ 29. Rxc2 dxc2 30. Bc1 Bf8 31. Kf3 Kf7 32. f5 exf5 0-1